Torschützenliste der Fußball-Bundesliga 2016-2017 - Statistiken

Allgemein
  • Dieses Quiz wurde 84 mal gespielt
  • Das Durchschnittsergebnis liegt bei 10 aus 14
Antwortstatistiken
Tore Nationalität Verein Spieler % Korrekt
30 Polen FC Bayern München Robert Lewandowski
100%
31 Gabun Borussia Dortmund Pierre-Emerick Aubameyang
97%
21 Deutschland RB Leipzig Timo Werner
97%
15 Kroatien TSG 1899 Hoffenheim Andrej Kramarić
95%
13 Niederlande FC Bayern München Arjen Robben
95%
25 Frankreich 1. FC Köln Anthony Modeste
93%
11 Mexiko Bayer 04 Leverkusen Chicharito
81%
12 Bosnien und Herzegowina Hertha BSC Vedad Ibišević
72%
16 Deutschland VfL Wolfsburg Mario Gómez
54%
11 Deutschland Borussia Mönchengladbach Lars Stindl
51%
15 Deutschland Werder Bremen Max Kruse
50%
11 Deutschland TSG 1899 Hoffenheim Sandro Wagner
31%
11 Deutschland Werder Bremen Serge Gnabry
18%
11 Deutschland SC Freiburg Florian Niederlechner
16%
Keine übereinstimmenden Quizze gefunden
Verteilung der Resultate
Anzahl Personen mit jedem Resultat
Perzentil nach korrekt beantworteten Fragen
Ihre Resultats-Entwicklung
Sie haben dieses Quiz noch nicht gespielt